| 000 | 00438nam a2200169Ia 4500 | ||
|---|---|---|---|
| 008 | 230718s9999 xx 000 0 und d | ||
| 020 | _a9788172246501 | ||
| 041 | _aeng | ||
| 082 |
_a006.32 _bZUR |
||
| 100 | _aZurada J.M. | ||
| 245 | _aIntroduction To Artificial Neural Systems | ||
| 260 |
_c2005 _bJaico Publishing House |
||
| 300 | _a683 | ||
| 365 |
_cRs. _b350.00 |
||
| 700 | _aZurada J.M. | ||
| 906 |
_d25514/30.01.2006 _cCOMP _b20 |
||
| 999 |
_c312267 _d312267 |
||